000 00538nam a2200217Ia 4500
005 20250425162505.0
008 250425s9999 xx 000 0 und d
041 _aeng
082 _a658.4
100 _aSCHWAB, KLAUS
245 0 _aTHE GLOBAL COMPETITIVINESS REPORT 2010-2011
250 _aS.E.
260 _aEstados Unidos
_bWORLD ECONOMIC FORUM
_c2010
260 _aS.L.
300 _a55
650 _aCOMPETITIVIDAD
650 _aINFORME DE ACTIVIDADES
710 _aWORLD ECONOMI FORUM
942 _c01
010 _a77549
999 _c230268
_d230268